000 00487nam a2200169Ia 4500
999 _c351
_d351
003 OSt
005 20210909103208.0
008 190216s9999||||xx |||||||||||||| ||und||
040 _coclc
082 _a297
_bDEE/K
100 _aDeeni, Sheikul Islam Taqial
_98811
245 0 _aAl Kalimathu Tayyib /
_cSheikul Islam Taqial Deeni
260 _bReligious Department Of Qatar,
_aQatar:
300 _a176p
650 _aArabic
942 _cBK
_2ddc
_h297
_iDEE/K
_k297
_mDEE/K